El Proceso penal juvenil costarricense: principios y alternativas a la justicia /
Guardado en:
| Autor principal: | |
|---|---|
| Formato: | Texto |
| Materias: | |
| Etiquetas: |
Agregar Etiqueta
Sin Etiquetas, Sea el primero en etiquetar este registro!
|
MARC
| LEADER | 00000 a a2200000 04500 | ||
|---|---|---|---|
| 001 | 17392 | ||
| 003 | |||
| 040 | |||
| 100 | |a Dall'Anese, Francisco | ||
| 245 | |a El Proceso penal juvenil costarricense: |b principios y alternativas a la justicia / |c Francisco Dall'Anese | ||
| 650 | |a ADOLESCENTES | ||
| 650 | |a PROBLEMAS SOCIALES | ||
| 650 | |a DELINCUENCIA | ||
| 650 | |a DELINCUENCIA JUVENIL | ||
| 650 | |a DELITOS | ||
| 650 | |a CASTIGO | ||
| 650 | |a SANCIONES PENALES | ||
| 650 | |a ASPECTOS JURIDICOS | ||
| 650 | |a LEGISLACION | ||
| 773 | |g número 5; páginas 261-331 | ||
| 999 | |c 29594 |d 29594 | ||
